000146161 001__ 146161 000146161 005__ 20241122150935.0 000146161 037__ $$aTAZ-TFG-2024-4327 000146161 041__ $$aspa 000146161 1001_ $$aAimacaña Parco, Pamela Michelle 000146161 24200 $$aEducational Project of the cultural week “PequeCulturas: A world to discover” 000146161 24500 $$aProyecto Educativo de la semana cultural “PequeCulturas: Un mundo por descubrir” 000146161 260__ $$aZaragoza$$bUniversidad de Zaragoza$$c2024 000146161 506__ $$aby-nc-sa$$bCreative Commons$$c3.0$$uhttp://creativecommons.org/licenses/by-nc-sa/3.0/ 000146161 520__ $$aEn este trabajo se va a realizar una semana cultural en la etapa de Educación Infantil, ya que es sumamente <br />beneficioso, porque al trabajar la diversidad cultural desde edades tempranas, los niños y niñas <br />aprenden a valorar y respetar la existencia de diferentes culturas. Por ello, en la semana cultural <br />“PequeCulturas: Un mundo por descubrir” se presentan siete culturas y dentro de estas también <br />se incluye a la etnia gitana española, que están presentes en su aula de referencia. Esta semana <br />cultural se lleva a cabo en el aula de 2º de infantil del CEIP (Centro Educativo de Infantil y <br />Primaria) “La Merced” de Barbastro, con el objetivo de exponer las costumbres de diferentes <br />culturas a través de la trasmisión oral. Esta semana cultural se evalúa a través de una evaluación <br />cualitativa por medio de una conversación guiada con el alumnado. <br /><br /> 000146161 521__ $$aGraduado en Magisterio en Educación Infantil 000146161 540__ $$aDerechos regulados por licencia Creative Commons 000146161 691__ $$a0 000146161 692__ $$a 000146161 700__ $$aAparicio García, Isabel$$edir. 000146161 7102_ $$aUniversidad de Zaragoza$$bDidácticas Específicas$$cDidáctica de la Lengua y la Literatura 000146161 8560_ $$f824668@celes.unizar.es 000146161 8564_ $$s1647705$$uhttps://zaguan.unizar.es/record/146161/files/TAZ-TFG-2024-4327.pdf$$yMemoria (spa) 000146161 909CO $$ooai:zaguan.unizar.es:146161$$pdriver$$ptrabajos-fin-grado 000146161 950__ $$a 000146161 951__ $$adeposita:2024-11-22 000146161 980__ $$aTAZ$$bTFG$$cFCSH 000146161 999__ $$a20240910195914.CREATION_DATE